000 00725nam a2200229Ia 4500
005 20241129104114.0
008 241129s9999||||xx |||||||||||||| ||und||
020 _a9781784412920
037 _aTextual
040 _aRTL
_beng
_cRTL
041 _aeng
_2eng
084 _aXM5:6 Q4
_qRTL
100 _aJohn Kose; Makhija Anil K; Ferris Stephen P
_9724797
245 0 _aCorporate governance in the US and global settings
_cJohn Kose; Makhija Anil K; Ferris Stephen P
260 _aUnited Kingdom
_bEmerald
_c2014
300 _aviii,281p.
365 _aINR
_b7266
490 _aAdvances in Financial Economics; Vol.17
650 _aCorporate Governance
942 _cTB
_hXM5:6 Q4
999 _c1224451
_d1224451